000 00808nam a2200241Ia 4500
003 OSt
005 20221005103325.0
006 a|||||r|||| 00| 0
007 ta
008 221004b |||||||| |||| 00| 0 hin d
024 _a24005
037 _cTextual
040 _aCRL
_cCRL
_bhin
041 _2hin
_ahin
082 _aR6678x1, 152K0
100 _aश्रीसनातनदेव, अनु.
_9162664
245 0 _aसनत्सुजातीय शांकरभाष्य
246 _aSanatsujātīya shāankarabhāṣhya
260 _aगोरखपुर
_bगीता प्रेस भारत
_c1960
300 _a130पृ0
_ccm.
942 _hR6678x1, 152K0
_cTEXL
_2cc
999 _c1009828
_d1009828